Te Boté - Nio García, Cásper Mágico, Darell - Estadísticas

Estadísticas generales
  • Esta prueba ha sido intentada 31 veces
  • La puntuación promedio es 181 de 484
Estadísticas de respuestas
Letra % Correcto
a
80%
boté
80%
bote
80%
de
80%
80%
De
80%
te
80%
Te
80%
vida
80%
Y
80%
y
80%
yo
80%
Yo
80%
l
60%
mi
60%
60%
o
60%
pa
60%
Pa
60%
se
60%
60%
Si
60%
si
60%
Ahora
40%
carajo
40%
fue
40%
la
40%
lo
40%
mandé
40%
mande
40%
me
40%
Me
40%
no
40%
No
40%
Pero
40%
que
40%
Que
40%
Ra
40%
saqué
40%
ti
40%
40%
40%
un
40%
100
20%
al
20%
amores
20%
baby
20%
banda
20%
Bebé
20%
bien
20%
cabrón
20%
cansé
20%
cariño
20%
chinga
20%
como
20%
corazón
20%
corazones
20%
culo
20%
da
20%
di
20%
dura
20%
eh
20%
el
20%
El
20%
es
20%
Es
20%
las
20%
Los
20%
mal
20%
Mami
20%
mucho
20%
negar
20%
ni
20%
noches
20%
nuevo
20%
pacas
20%
Pal
20%
pase
20%
Paso
20%
por
20%
quiero
20%
Quiero
20%
razón
20%
rompiste
20%
rompo
20%
saber
20%
sentido
20%
siento
20%
sin
20%
Sin
20%
sobran
20%
solté
20%
sufrí
20%
sufro
20%
superé
20%
tengo
20%
vo
20%
ya
20%
Ya
20%
acuerda
0%
Ahi
0%
altura
0%
Aquí
0%
aquí
0%
Así
0%
aunque
0%
beber
0%
bota
0%
burlaste
0%
cama
0%
cancelé
0%
cancha
0%
Casper
0%
completar
0%
con
0%
condón
0%
confianza
0%
Contigo
0%
crees
0%
creo
0%
cura
0%
decir
0%
desde
0%
Después
0%
día
0%
dios
0%
donde
0%
ella
0%
en
0%
enamoré
0%
enredé
0%
entendiendo
0%
esa
0%
escondo
0%
ese
0%
Esta
0%
está
0%
estamo
0%
estás
0%
Este
0%
estoy
0%
estrés
0%
explicaste
0%
express
0%
extrañándote
0%
fallaste
0%
fila
0%
fondo
0%
fuiste
0%
gatas
0%
gusta
0%
herida
0%
hondo
0%
hoy
0%
Hoy
0%
humillaste
0%
ir
0%
jura
0%
juro
0%
Lejos
0%
Magia
0%
media
0%
mientras
0%
mis
0%
mundo
0%
Nio
0%
obliga
0%
oh
0%
oíste
0%
película
0%
pensando
0%
pienso
0%
pongo
0%
porque
0%
postea
0%
pregunta
0%
probé
0%
problema
0%
puedes
0%
queriendo
0%
quieres
0%
RealG4Life
0%
respira
0%
respondo
0%
revés
0%
Rondo
0%
sepa
0%
sepultura
0%
son
0%
ta
0%
tiempo
0%
tocar
0%
todo
0%
tres
0%
una
0%
Usted
0%
va
0%
verdad
0%
verdadera
0%
vicio
0%
viniste
0%
viraste
0%
Viste
0%
voy
0%
vuelta
0%
vuelva
0%
No se encontraron pruebas coincidentes
Distribución de puntuación
Porcentaje de gente con cada puntuación
Porcentaje por número respondido
Historial de tus puntuaciones
No has intentado esta prueba.